000 00581nam a2200193 i 4500
001 56284
003 ES-MaACL
007 t|
008 031007s1985 sp ||||1| spa d
020 _a84-206-0070-9
100 1 _aBenedetto, Antonio di.
_927499
245 1 0 _aZama /
_cAntonio di Benedetto.
260 _aMadrid :
_bAlianza,
_c[1985]
300 _a215 p. ;
_c18 cm.
490 1 _aEl libro de bolsillo. Sección literatura ;
_v1070
830 0 3 _aEl libro de bolsillo.
_pLiteratura
_v1070
_9180913
852 _aES-MaACL
_jL-8203
_bR.108452
999 _c56284
_d56284